000 00787cam a22002774a 4500
001 12779014
003 OSt
005 20140311163218.0
008 020517s2001 nyua 000 0 eng
010 _a 2002282472
020 _a0439328551
040 _aDLC
_cDLC
_dDLC
042 _apcc
050 0 0 _aGV 200.5
_b.St89 2001
100 1 _aStorm, Rory,
_d1958-
_926304
245 1 0 _aDesert survivor's guide /
_cRory Storm ; illustrated by Mei Lim.
260 _aNew York :
_bScholastic,
_c2001
300 _a119 p. :
_bill. ;
_c20 cm.
521 _aG9
526 _c1100
650 0 _aDesert survival.
_926305
906 _a7
_bcbc
_corignew
_d3
_encip
_f20
_gy-gencatlg
942 _2lcc
_cBK
999 _c42927
_d42927